000 00592nam a2200241 a 4500
001 nice12345678
003 IN_TiNIC
005 20260116014724.0
008 131226s1993 pana grp 000 0 eng
020 _a9788170583080
_c150
082 0 0 _a181.45
_bAUR
100 _aAurobindo,
245 _aAurobindo
260 _aPandicherry
_bSri Aurobindo Ashram
_c1993
300 _a401p
500 _aincludes index and biblioraphy
650 _aYoga-Philosophy
650 _aAurobindo-Yoga Philosophy
700 1 _aAurobindo,
902 _bSRS
942 _cBK
999 _c16640
_d16640